|
|
|
|
| LEADER |
01411nam a2200337 a 4500 |
| 001 |
28012 |
| 005 |
20140422095435.0 |
| 008 |
121109s2013 caua b 001 0 eng |
| 010 |
|
|
|a 2012042015
|
| 020 |
|
|
|a 9781118190135 (paper/website)
|
| 020 |
|
|
|a 9781118227657
|
| 020 |
|
|
|a 9781118240496
|
| 020 |
|
|
|a 9781118265253
|
| 040 |
|
|
|a DLC
|c DLC
|d BD-DhAAL
|
| 050 |
0 |
0 |
|a JA71.7
|b .R56 2013
|
| 082 |
0 |
0 |
|a 351.01/5195
|2 23
|
| 100 |
1 |
|
|a Ringquist, Evan J.,
|d 1962-
|9 4270
|
| 245 |
1 |
0 |
|a Meta-analysis for public management and policy /
|c Evan J. Ringquist ; edited by Mary R. Anderson.
|
| 250 |
|
|
|a 1st ed.
|
| 260 |
|
|
|a San Francisco, CA :
|b Jossey-Bass,
|c c2013.
|
| 300 |
|
|
|a xxii, 563 p. :
|b ill. ;
|c 25 cm.
|
| 504 |
|
|
|a Includes bibliographical references (p. 514-542) and indexes.
|
| 541 |
|
|
|e 28012
|
| 650 |
|
0 |
|a Public administration
|x Statistical methods.
|9 4271
|
| 650 |
|
0 |
|a Social sciences
|x Statistical methods.
|9 4272
|
| 650 |
|
0 |
|a Meta-analysis.
|9 4273
|
| 700 |
1 |
|
|a Anderson, Mary R.,
|d 1973-
|9 4274
|
| 776 |
0 |
8 |
|i Online version:
|a Ringquist, Evan J., 1962-
|t Meta-analysis for public management and policy
|b 1st ed.
|d San Francisco : Jossey-Bass, c2013
|z 9781118227657
|w (DLC) 2012046783
|
| 942 |
|
|
|2 ddc
|c BK
|
| 999 |
|
|
|c 14289
|d 14289
|
| 952 |
|
|
|0 0
|1 0
|2 ddc
|4 0
|6 351_015195000000000_RIN
|7 0
|9 24170
|a IGS
|b IGS
|c GEN
|d 2014-04-22
|e Trim Education
|g 6695.00
|l 0
|o 351.015195 RIN
|p 3010028012
|r 2014-04-22
|t 1
|w 2014-04-22
|y BK
|